000 00593pam a2200229 a 4500
001 4770559
005 20180308081814.0
008 860902s1987 nyua b 001 0 eng
010 _a 86023412
020 _a0471848905
040 _aDLC
_cDLC
_dDLC
041 _aeng
043 _an-us---
080 _a333.330973 WUR
082 0 0 _a333.330973 WUR
_219
100 1 _a52
101 _aEKO
245 1 0 _aModern real estate /
_cCharles H. Wurtzebach, Mike E. Miles.
504 _aBibliography: p. [713]-715.
906 _a7
_bcbc
_corignew
_d1
_eocip
_f19
_gy-gencatlg
942 _2ddc
_cBK
999 _c44496
_d44496